| 000 | 00390nam a2200133Ia 4500 | ||
|---|---|---|---|
| 008 | 211109s9999||||xx |||||||||||||| ||und|| | ||
| 082 |
_a543.49 _bMAT-B |
||
| 100 | _aMathew, P M Velloor | ||
| 245 | 0 | _aBhalyam Koumaram Yawvanam Varthakyam | |
| 260 |
_bTheologi _aMisplace |
||
| 630 | _xGENERAL STACK | ||
| 650 |
_aNATURAL SCIENCES &MATHEMATICS _vANALYTICAL CHEMISTRYGeneralia |
||
| 942 | _cBOOK | ||
| 999 |
_c70142 _d70142 |
||